| 000 | 00367nam a22001457a 4500 | ||
|---|---|---|---|
| 020 | _a9788192711508 | ||
| 082 |
_aS 294.5 _bASH/I |
||
| 100 | _aAsha R | ||
| 245 |
_aIn adoration of Kamakshi/ _cby Asha R |
||
| 260 |
_aChennai: _bAdi Sankara Advaita Research Centre, _c2013. |
||
| 300 |
_a198+xxiv _bplates 10 |
||
| 650 | _aHinduism | ||
| 650 | _aReligion | ||
| 942 | _cBK | ||
| 999 |
_c58133 _d58133 |
||